[Event "47th GER-ch Blitz 2020"]
[Site "Magdeburg"]
[Date "2020.08.15"]
[Round "23.8"]
[White "Siebarth, Raiko"]
[Black "Braun, Georg"]
[Result "1-0"]
[WhiteElo "2333"]
[BlackElo "2360"]
[Annotator "TA"]
[PlyCount "77"]
[EventDate "2020.07.28"]
[EventType "tourn"]
[EventCountry "GER"]
[SourceTitle "playchess.com"]
[Source "ChessBase"]
[SourceQuality "1"]

{[%evp 9,77,17,13,0,27,16,26,16,14,19,42,15,10,13,65,50,46,30,48,44,39,15,67,6,24,14,11,7,90,84,82,82,82,86,117,119,131,118,98,70,71,56,132,139,130,0,38,36,43,21,91,96,113,141,347,-142,201,226,232,46,52,-143,287,-144,65,18,273,235,979,989]} 1. e4 c6 2. Nc3 d5 3. f4 dxe4 4. Nxe4 Nd7 5. Qe2 Ndf6 6. Nf2 {B11: Caro-Kann: Two Knights Variation.} e6 7. Nf3 Bc5 {[#]} 8. Nd3 $146 {White has an edge.} ({Predecessor:} 8. g3 Ne7 9. Bh3 Qd5 10. c4 Bxf2+ 11. Kxf2 Qe4 12. Re1 Qxe2+ 13. Rxe2 O-O 14. d4 {0-1 (68) Fischer,M (2085)-Kampen,H (1970) Bayern 1997}) 8... Bb6 9. b3 Ne7 10. Bb2 a5 11. a4 Ned5 (11... O-O $11) 12. g3 O-O 13. Bg2 Nb4 14. Nxb4 axb4 15. d4 c5 (15... Nd5 $11) 16. Rd1 ({Better is} 16. O-O-O $14 Nd5 17. dxc5 Bxc5 18. Qd3) 16... Nd5 17. O-O cxd4 18. Nxd4 Qc7 (18... Bd7 $11) 19. Kh1 $1 $16 Nc3 20. Bxc3 $1 Qxc3 21. Rd3 Qc7 22. Nb5 Qe7 23. Rfd1 Bc5 24. Be4 g6 25. Bg2 Rb8 (25... Ra6 $14) 26. Qe5 Ra8 27. Nd4 (27. Nd6 $16 Bxd6 28. Qxd6 (28. Rxd6 Qc7 $16) 28... Qxd6 29. Rxd6) 27... Ra5 (27... Ra6 {is more complex.} 28. c3 f6 29. Qe2 Rd6 30. cxb4 Bxb4 31. f5 e5) 28. Qe4 Bb6 29. Nf3 Bc5 (29... Bc7 $11 {keeps the balance.}) 30. Ne5 $1 $36 {[%mdl 2048] White has strong initiative.} Ra6 31. Qc4 {And now Rd7! would win.} b6 $2 {[#]} (31... Ra5 $16 32. Nd7 Re8) 32. Ng4 $2 {[#]} (32. Rd7 $1 $18 {[%mdl 512]} Qf6 (32... Bxd7 33. Rxd7) 33. Rc7) 32... h5 $2 {[%mdl 8192]} (32... Ra7 $1 $17 {stays on course.} 33. Ne5 Ba6) 33. Ne5 $18 Qf6 34. Qe4 $2 (34. Nd7 $18 Bxd7 35. Qxa6) 34... Ra7 $14 35. Qe2 $2 (35. Qe1 $14 {keeps the upper hand.}) 35... Bb7 $2 {[%mdl 8192]} (35... Ba6 $17 36. Be4 Bxd3 37. Qxd3 Rc8) 36. h3 $2 {[#]} ({Much less strong is} 36. Nd7 Bxg2+ 37. Kxg2 Qf5 $18) (36. Bxb7 $18 Rxb7 37. Nd7 Rxd7 38. Rxd7) 36... Bxg2+ $2 (36... Ba6 $1 $17 {...h4 is the strong threat.} 37. Nc4 Bxc4 38. bxc4 Rxa4) 37. Qxg2 {Black must now prevent Rd7.} (37. Kxg2 $5 {[%cal Re5d7]} Rc8 38. Rd7 $14) 37... Rb8 $2 {[%mdl 8192]} (37... Qf5 $11) 38. Nd7 Qd8 $2 (38... Rxd7 39. Rxd7 h4) 39. Nxb8 {Accuracy: White = 57%, Black = 36%.} 1-0

[Event "47th GER-ch Blitz 2020"]
[Site "Magdeburg"]
[Date "2020.08.15"]
[Round "23.9"]
[White "Hess, Max"]
[Black "Siebrecht, Sebastian"]
[Result "1-0"]
[WhiteElo "2378"]
[BlackElo "2429"]
[Annotator "TA"]
[PlyCount "85"]
[EventDate "2020.07.28"]
[EventType "tourn"]
[EventCountry "GER"]
[SourceTitle "playchess.com"]
[Source "ChessBase"]
[SourceQuality "1"]

{[%evp 9,85,13,8,0,0,7,27,14,17,23,25,19,21,-34,-25,-37,5,5,8,-51,-50,-41,9,-4,10,-41,-39,-39,-6,-37,-43,-106,-104,-91,-47,-79,-77,-113,-41,-37,-15,-22,-16,-72,-69,-60,-34,-38,-39,-52,-56,-1589,-14,-74,-53,-86,-55,-115,-81,-62,-61,-58,-17,-498,0,0,0,0,0,0,23,23,27,29,475,473,29996,29997]} 1. g3 d5 2. Bg2 c6 3. Nf3 Nf6 4. O-O Bg4 5. c4 e6 6. Ne5 {A11: English Opening: 1...c6.} Bh5 {6...Bh5 is better than 6...Bf5.} 7. cxd5 exd5 8. d4 {White has an edge.} Nbd7 9. Nd3 Bd6 10. Nc3 O-O {[#]} 11. Rb1 $146 ({White should try} 11. f3 $11) ({Predecessor:} 11. Bf4) 11... Re8 12. b4 Ne4 13. Nxe4 dxe4 14. Nf4 (14. Nc5 $11) 14... Bxf4 $15 15. Bxf4 Nf6 16. b5 Nd5 17. Qd2 (17. bxc6 $11 Nxf4 18. gxf4 bxc6 19. Rc1) 17... cxb5 18. Rxb5 b6 19. Bg5 Qd7 20. Rb3 (20. Rb2 $15) 20... h6 $17 21. Be3 f5 22. Re1 Rac8 23. Bf4 Nf6 ({Black should play} 23... Nxf4 $17 24. gxf4 Rc4) 24. Rc3 g5 25. Be5 Ng4 26. Qc2 (26. f4 $11 {remains equal.}) 26... Nxe5 27. dxe5 Rxc3 28. Qxc3 Rc8 29. Qb3+ Bf7 30. Qa4 $2 {[%mdl 8192]} (30. Qb2 $15) 30... Qd2 $2 (30... Qxa4 $19 31. Bh3 Qa5 $1 {[%mdl 512]}) 31. Rd1 (31. Rf1 $1 $11 {keeps the balance.}) 31... Qxe2 32. Bf1 Qc2 33. Qd4 (33. Qd7 $15) 33... Qxa2 34. Qd7 Qe6 {Hoping for ...Qxd7.} 35. Qxa7 Qxe5 {...e3 is the strong threat.} 36. Rd7 $2 {[%mdl 8192] [#]} (36. Qxb6 $11 Kg7 37. Rd7) 36... Rf8 $2 (36... e3 $1 $19 {[%cal Re3f2] ( -> ...exf2+)} 37. Qxb6 e2 38. Bxe2 Qxe2) 37. Qxb6 $11 f4 {[#] Black wants to play ...e3.} 38. Bc4 $1 {[%mdl 512] And now Rxf7 would win.} Kg7 (38... Bxc4 39. Qg6+) 39. Qb7 $36 {[%cal Rd7f7][%mdl 2048] White is pushing.} Qa1+ {[#]} 40. Kg2 $1 {[%cal Rd7f7][%mdl 512]} Qf6 41. Qxe4 {aiming for gxf4.} f3+ $2 {[%mdl 8192]} (41... fxg3 $1 $11 {and Black is okay.} 42. hxg3 Qg6 43. Qd4+ Qf6) 42. Qxf3 $18 Kg8 (42... g4 $18 43. Qxg4+ Kh8) 43. Qxf6 {Both players deserved the win here. Accuracy: White = 52%, Black = 55%.} 1-0

[Event "47th GER-ch Blitz 2020"]
[Site "Magdeburg"]
[Date "2020.08.15"]
[Round "23.10"]
[White "Kopylov, Michael"]
[Black "Langrock, Hannes"]
[Result "1-0"]
[WhiteElo "2407"]
[BlackElo "2346"]
[Annotator "TA"]
[PlyCount "43"]
[EventDate "2020.07.28"]
[EventType "tourn"]
[EventCountry "GER"]
[SourceTitle "playchess.com"]
[Source "ChessBase"]
[SourceQuality "1"]

{[%evp 15,43,24,22,23,31,17,60,30,50,25,90,90,97,94,87,89,102,75,85,64,79,56,139,153,175,91,82,65,106,104]} 1. d4 f5 2. g3 Nf6 3. Bg2 g6 4. c4 Bg7 5. Nf3 O-O 6. O-O d6 7. Nc3 c6 {is more profitable than 7...Qe8 at the moment. Played by Hikaru Nakamura in June 2020.} 8. Qb3 Na6 9. Rd1 {A88: Dutch Defence: Leningrad System: 5 Nf3 0-0 6 0-0 d6 7 Nc3 c6.} Nc7 10. Bf4 {[#]} Rb8 $146 ({Predecessor:} 10... Kh8 11. d5 c5 12. Rac1 Rb8 13. Qa3 b5 14. cxb5 Nxb5 15. Qb3 Nxc3 16. Qxb8 Nxe2+ {0-1 (42) Hanoeman,S-Matoewi,R (2169) Paramaribo 2008}) 11. Rac1 {White is slightly better.} Kh8 12. Qa3 a6 (12... b5 $11) 13. c5 $16 {[%cal Rc5d6]} Ne4 14. cxd6 exd6 15. Nxe4 fxe4 16. Ng5 ({Wrong is} 16. Bxd6 $2 Nb5 $19) 16... Nb5 17. Qb3 Qe7 18. Nxe4 {Strongly threatening Qe3.} Rxf4 (18... Bf5 $14) 19. gxf4 Nxd4 20. Rxd4 (20. Qe3 $18 c5 21. Nc3) 20... Bxd4 21. e3 Bg7 22. Rxc6 {Accuracy: White = 69%, Black = 50%.} 1-0

[Event "47th GER-ch Blitz 2020"]
[Site "Magdeburg"]
[Date "2020.08.15"]
[Round "23.11"]
[White "Berger, Steve"]
[Black "Holtel, Jasper"]
[Result "1-0"]
[WhiteElo "2408"]
[BlackElo "2305"]
[Annotator "RC"]
[PlyCount "87"]
[EventDate "2020.07.28"]
[EventType "tourn"]
[EventCountry "GER"]
[SourceTitle "playchess.com"]
[Source "ChessBase"]
[SourceQuality "1"]
[TimeControl "180+2"]

1. e4 {[%emt 0:00:00]} Nf6 {[%emt 0:00:00]} 2. e5 {[%emt 0:00:00]} Nd5 {[%emt 0:00:00]} 3. Nc3 {[%emt 0:00:01]} Nxc3 {[%emt 0:00:03]} 4. dxc3 {[%emt 0:00:00]} d6 {[%emt 0:00:01]} 5. Bf4 {[%emt 0:00:02]} g6 {[%emt 0:00:02]} 6. Qd2 {[%emt 0:00:04]} Bg7 {[%emt 0:00:01]} 7. O-O-O {[%emt 0:00:02]} O-O {[%emt 0:00:05]} 8. Nf3 {[%emt 0:00:07]} Nc6 {[%emt 0:00:03]} 9. Bh6 {[%emt 0:00:11]} dxe5 {[%emt 0:00:30]} 10. Qe3 {[%emt 0:00:01]} Qe8 {[%emt 0:00:17]} 11. Bxg7 {[%emt 0:00:02]} Kxg7 {[%emt 0:00:02]} 12. Nxe5 {[%emt 0:00:04]} Nxe5 {[%emt 0:00:16]} 13. Qxe5+ {[%emt 0:00:01]} Kg8 {[%emt 0:00:02]} 14. Qxc7 {[%emt 0:00:06]} Qa4 {[%emt 0:00:25]} 15. Bc4 {[%emt 0:00:24]} Bf5 {[%emt 0:00:22]} 16. Bb3 {[%emt 0:00:01]} Qh4 {[%emt 0:00:07]} 17. g3 {[%emt 0:00:09]} Qf6 {[%emt 0:00:30]} 18. Rhe1 {[%emt 0:00:03]} e6 {[%emt 0:00:13]} 19. Qf4 {[%emt 0:00:08]} g5 {[%emt 0:00:16]} 20. Qf3 {[%emt 0:00:11]} Qh6 {[%emt 0:00:07]} 21. g4 {[%emt 0:00:04]} Bg6 {[%emt 0:00:02]} 22. h3 {[%emt 0:00:06]} a5 {[%emt 0:00:05]} 23. a4 {[%emt 0:00:01]} b5 {[%emt 0:00:11]} 24. Re5 {[%emt 0:00:13]} bxa4 {[%emt 0:00:03]} 25. Bxa4 {[%emt 0:00:01]} Rab8 {[%emt 0:00:02]} 26. Rxa5 {[%emt 0:00:12]} Rfc8 {[%emt 0:00:01]} 27. Ra7 {[%emt 0:00:15]} Qf8 {[%emt 0:00:02]} 28. Bb3 {[%emt 0:00:05]} Qc5 {[%emt 0:00:02]} 29. Rdd7 {[%emt 0:00:10]} Rf8 {[%emt 0:00:03]} 30. Qf6 {[%emt 0:00:27]} Qb5 {[%emt 0:00:02]} 31. c4 {[%emt 0:00:19]} Qb4 {[%emt 0:00:02]} 32. Qc3 {[%emt 0:00:08]} Qb6 {[%emt 0:00:02]} 33. c5 {[%emt 0:00:01]} Qc6 {[%emt 0:00:00]} 34. f3 {[%emt 0:00:07]} Qc8 {[%emt 0:00:04]} 35. Bxe6 {[%emt 0:00:02]} Qc6 {[%emt 0:00:03]} 36. Bd5 {[%emt 0:00:02]} Qb5 {[%emt 0:00:01]} 37. Bc4 {[%emt 0:00:02]} Qc6 {[%emt 0:00:01]} 38. b4 {[%emt 0:00:07]} Rbe8 {[%emt 0:00:02]} 39. b5 {[%emt 0:00:03]} Qc8 {[%emt 0:00:02]} 40. c6 {[%emt 0:00:01]} Qb8 {[%emt 0:00:01]} 41. Qf6 {[%emt 0:00:03]} Qh2 {[%emt 0:00:02]} 42. Rxf7 {[%emt 0:00:04]} Qg1+ {[%emt 0:00:02]} 43. Kb2 {[%emt 0:00:01]} Bxf7 {[%emt 0:00:03]} 44. Bxf7+ {[%emt 0:00:01]} 1-0

[Event "47th GER-ch Blitz 2020"]
[Site "Magdeburg"]
[Date "2020.08.15"]
[Round "23.12"]
[White "Schoewel, Matthias"]
[Black "Voege, Tobias"]
[Result "0-1"]
[WhiteElo "2218"]
[BlackElo "2326"]
[Annotator "ChessBase"]
[PlyCount "78"]
[EventDate "2020.07.28"]
[EventType "tourn"]
[EventCountry "GER"]
[SourceTitle "playchess.com"]
[Source "ChessBase"]
[SourceQuality "1"]
[TimeControl "180+2"]

1. e4 {[%emt 0:00:00]} c5 {[%emt 0:00:00]} 2. Nf3 {[%emt 0:00:00]} Nc6 {[%emt 0:00:00]} 3. Nc3 {[%emt 0:00:01]} g6 {[%emt 0:00:00]} 4. d3 {[%emt 0:00:01]} Bg7 {[%emt 0:00:01]} 5. Be3 {[%emt 0:00:01]} d6 {[%emt 0:00:01]} 6. Qd2 {[%emt 0:00:01]} e5 {[%emt 0:00:00]} 7. Be2 {[%emt 0:00:02]} Nd4 {[%emt 0:00:06]} 8. Bd1 {[%emt 0:00:01]} a6 {[%emt 0:00:12]} 9. a4 {[%emt 0:00:03]} Rb8 {[%emt 0:00:05]} 10. O-O {[%emt 0:00:02]} b5 {[%emt 0:00:02]} 11. axb5 {[%emt 0:00:03]} axb5 {[%emt 0:00:01]} 12. h3 {[%emt 0:00:14]} Ne7 {[%emt 0:00:06]} 13. Bh6 {[%emt 0:00:05]} O-O {[%emt 0:00:03]} 14. Nh2 {[%emt 0:00:09]} f5 {[%emt 0:00:24]} 15. Bxg7 {[%emt 0:00:10]} Kxg7 {[%emt 0:00:01]} 16. exf5 {[%emt 0:00:04]} gxf5 {[%emt 0:00:14]} 17. Ne2 {[%emt 0:00:04]} Bb7 {[%emt 0:00:41]} 18. c3 {[%emt 0:00:09]} Nxe2+ {[%emt 0:00:08]} 19. Bxe2 {[%emt 0:00:01]} Kh8 {[%emt 0:00:12]} 20. Kh1 {[%emt 0:00:02]} Ng6 {[%emt 0:00:03]} 21. Bf3 {[%emt 0:00:25]} e4 {[%emt 0:00:01]} 22. dxe4 {[%emt 0:00:01]} fxe4 {[%emt 0:00:01]} 23. Bg4 {[%emt 0:00:13]} Nf4 {[%emt 0:00:08]} 24. Qe3 {[%emt 0:00:15]} Qf6 {[%emt 0:00:19]} 25. Ra7 {[%emt 0:00:36]} Ba8 {[%emt 0:00:36]} 26. b4 {[%emt 0:00:23]} h5 {[%emt 0:00:14]} 27. Bd1 {[%emt 0:00:10]} cxb4 {[%emt 0:00:01]} 28. cxb4 d5 29. Rxa8 {[%emt 0:00:22]} Rxa8 {[%emt 0:00:02]} 30. Bb3 {[%emt 0:00:06]} Rae8 {[%emt 0:00:03]} 31. Rd1 {[%emt 0:00:03]} Nd3 {[%emt 0:00:03]} 32. f3 {[%emt 0:00:05]} d4 {[%emt 0:00:03]} 33. Qd2 {[%emt 0:00:03]} Qf4 {[%emt 0:00:05]} 34. Qxf4 {[%emt 0:00:05]} Rxf4 {[%emt 0:00:01]} 35. fxe4 {[%emt 0:00:01]} Nf2+ {[%emt 0:00:01]} 36. Kg1 {[%emt 0:00:01]} Nxd1 {[%emt 0:00:01]} 37. Bxd1 {[%emt 0:00:01]} Rfxe4 {[%emt 0:00:00]} 38. Bf3 {[%emt 0:00:03]} Re1+ {[%emt 0:00:02]} 39. Kf2 {[%emt 0:00:01]} d3 {[%emt 0:00:01]} 0-1

[Event "47th GER-ch Blitz 2020"]
[Site "Magdeburg"]
[Date "2020.08.15"]
[Round "23.13"]
[White "Stein, Robert"]
[Black "Weller, Manuel"]
[Result "0-1"]
[WhiteElo "2325"]
[BlackElo "2237"]
[Annotator "TA"]
[PlyCount "52"]
[EventDate "2020.07.28"]
[EventType "tourn"]
[EventCountry "GER"]
[SourceTitle "playchess.com"]
[Source "ChessBase"]
[SourceQuality "1"]

{[%evp 11,52,10,25,34,35,30,37,25,52,37,65,52,50,32,40,22,37,26,134,138,130,123,116,-345,-333,-468,-452,-454,-457,-447,-28,-397,-216,-204,-129,-1186,-1168,-1145,-1151,-1394,-1335,-29998,-2096]} 1. d4 Nf6 2. c4 e6 3. g3 Bb4+ 4. Bd2 a5 5. Bg2 O-O 6. Nf3 b6 7. O-O {E15: Queen's Indian: 4 g3 sidelines, 4 g3 Ba6 and 4 g3 Bb7 early deviations.} Bxd2 {7...Bb7 is becoming the main line.} 8. Qxd2 Bb7 9. Nc3 {White is slightly better.} d6 10. Qc2 Nbd7 11. Rfe1 {[#]} d5 $146 ({Predecessor:} 11... Re8 12. Rad1 Qe7 13. e4 Rab8 14. Qa4 Red8 15. Qa3 c5 16. d5 e5 17. b3 Nf8 18. Qc1 {0-1 (53) Chekhover,V-Capablanca,J Moscow 1935}) 12. cxd5 exd5 13. Nb5 c5 14. Rac1 c4 (14... Ne4 $11) 15. b3 $16 cxb3 16. Qxb3 Ba6 17. Nc7 $2 {[%mdl 8192]} (17. e3 $16 {keeps the pressure on.}) 17... Bc4 $1 $19 {[%cal Rc4b3]} 18. Rxc4 (18. Qb1 {was necessary.} Qxc7 19. Nd2) 18... dxc4 19. Qxc4 Rc8 20. Rc1 Qe7 $2 (20... Ne8 $19 {[%cal Rc8c7]} 21. Qd3 Rxc7 22. Rxc7 Nxc7) 21. Qa6 $2 {[%mdl 8192] [#]} (21. Nh4 $11 {and White is okay.}) 21... Qd6 (21... Nd5 $142 $1 {[%mdl 512] Threatens to win with ...N7f6.} 22. Qb7 (22. Nxd5 Rxc1+) 22... N7f6) 22. Qb7 Nd5 {[%cal Rc8c7]} 23. Nxd5 $4 {[%mdl 8192]} (23. Rc6 $17 Rxc7 24. Rxd6 Rxb7 25. Rxd5) 23... Rxc1+ 24. Bf1 Rb8 25. Qa7 Qxd5 26. Ne5 {[#]} Rd8 {Accuracy: White = 46%, Black = 49%.} (26... Rxf1+ $142 $1 27. Kxf1 Qh1#) 0-1

[Event "47th GER-ch Blitz 2020"]
[Site "Magdeburg"]
[Date "2020.08.15"]
[Round "23.14"]
[White "Krause, Benedict"]
[Black "Bluebaum, Matthias"]
[Result "0-1"]
[WhiteElo "2425"]
[BlackElo "2647"]
[Annotator "TA"]
[PlyCount "58"]
[EventDate "2020.07.28"]
[EventType "tourn"]
[EventCountry "GER"]
[SourceTitle "playchess.com"]
[Source "ChessBase"]
[SourceQuality "1"]

{[%evp 17,58,0,1,-2,0,-4,5,0,12,0,14,14,17,0,0,0,0,0,0,0,0,0,0,0,20,-1,5,14,105,8,1,10,17,-17,0,0,0,-147,-197,-427,-386,-406,-268]} 1. e4 e6 2. d4 d5 3. Nc3 Nf6 4. e5 Nfd7 5. f4 c5 6. Nf3 Nc6 7. Be3 a6 8. Qd2 b5 9. dxc5 Bxc5 10. Bd3 {10.Ne2 is setting a new trend. C11: French: Classical System: 4 e5 and 4 Bg5 dxe4.} Qb6 ({Don't play} 10... d4 11. Nxd4 $1 {[%mdl 512]} Nxd4 12. Ne4 $16) 11. Bf2 h6 12. a3 {The position is equal.} Bb7 13. O-O Bxf2+ 14. Qxf2 Qxf2+ 15. Kxf2 g5 16. g3 g4 17. Nd2 h5 18. Nb3 {[#]} Ke7 $146 ({Predecessor:} 18... h4 19. Rg1 O-O-O 20. a4 hxg3+ 21. hxg3 bxa4 22. Rxa4 {½-½ (22) Senzacqua,F (2134)-Jeute,V (2227) ICCF email 2016}) 19. Ne2 h4 20. Rg1 d4 21. Be4 hxg3+ 22. hxg3 f5 {[#]} (22... Rh2+ $11 {remains equal.} 23. Rg2 Rah8) 23. Bg2 ({White should try} 23. exf6+ $1 $16 Kxf6 24. Rh1 (24. Nbxd4 Nxd4 25. Bxb7 Nxe2 $16)) 23... Rh2 $11 24. Kf1 Rd8 25. Nexd4 Nxd4 26. Nxd4 Nc5 27. Bxb7 (27. Rd1 $1 $11 {was the only way to keep the balance.} Ne4 28. Ke1) 27... Rxd4 $17 28. Bg2 $2 (28. Ba8) 28... Rd2 $19 29. Rc1 Ne4 {Accuracy: White = 63%, Black = 88%.} 0-1

[Event "47th GER-ch Blitz 2020"]
[Site "Magdeburg"]
[Date "2020.08.15"]
[Round "23.15"]
[White "Muranyi, Karl-Jasmin"]
[Black "Braeuning, Rudolf Wilhelm"]
[Result "1-0"]
[WhiteElo "2331"]
[BlackElo "2244"]
[Annotator "TA"]
[PlyCount "59"]
[EventDate "2020.07.28"]
[EventType "tourn"]
[EventCountry "GER"]
[SourceTitle "playchess.com"]
[Source "ChessBase"]
[SourceQuality "1"]

{[%evp 9,59,47,66,52,51,56,57,56,59,50,66,60,64,62,63,57,65,62,113,138,120,96,106,94,112,79,159,159,142,150,139,133,148,129,238,225,230,227,517,485,568,508,662,660,773,719,806,607,796,656,762,727]} 1. d4 Nf6 2. c3 Nc6 3. Nf3 d6 4. Bf4 Bg4 5. Nbd2 g6 6. h3 {A70: Modern Benoni: 6 e4 g6 7 Nf3.} Bxf3 7. Nxf3 Bg7 {[#]} 8. e3 $146 {White is slightly better.} ({Predecessor:} 8. Qc1 O-O 9. Bh6 e5 10. Bxg7 Kxg7 11. dxe5 dxe5 12. e3 e4 13. Nd2 Ne5 14. Qc2 {½-½ (40) Do Prado,H (1681)-Bustelo,T (2050) Montevideo 2018}) 8... O-O 9. Be2 Qe8 10. O-O e5 11. Bh2 Nd7 12. a4 {[%cal Ba2a4,Ba4a5,Ba5a6][%mdl 32]} Kh8 13. a5 f5 (13... a6 $14) 14. a6 $16 b6 15. Bb5 Ncb8 16. Qa4 $36 {[%mdl 2048] White is really pushing.} Qe7 17. dxe5 Nxe5 (17... dxe5 $142 18. Rfd1 c6 19. Bxc6 Nc5) 18. Nxe5 Bxe5 19. Bxe5+ Qxe5 20. Rfd1 Rc8 21. Be2 Qe8 (21... c6 $16 {might work better.}) 22. Qxe8+ Rxe8 23. Bf3 c6 $2 (23... Nd7 24. Bxa8 Rxa8) 24. Rxd6 $18 {White is clearly winning.} Rc8 25. b4 {[%cal Bb2b4,Bb4b5][%mdl 32]} Kg7 {[#]} 26. b5 $1 {[%mdl 512]} Rc7 (26... cxb5 27. Bxa8) 27. c4 Kf7 28. Rad1 Ke7 29. g4 fxg4 30. hxg4 {Accuracy: White = 87%, Black = 42%.} 1-0

[Event "47th GER-ch Blitz 2020"]
[Site "Magdeburg"]
[Date "2020.08.15"]
[Round "24.1"]
[White "Donchenko, Alexander"]
[Black "Braeuning, Rudolf Wilhelm"]
[Result "1-0"]
[WhiteElo "2646"]
[BlackElo "2244"]
[Annotator "TA"]
[PlyCount "50"]
[EventDate "2020.07.28"]
[EventType "tourn"]
[EventCountry "GER"]
[SourceTitle "playchess.com"]
[Source "ChessBase"]
[SourceQuality "1"]

{[%evp 9,50,29,50,43,28,29,41,40,85,17,12,0,-7,0,-7,-44,39,-8,33,31,34,16,62,-40,29,23,28,27,61,72,86,88,192,0,0,0,240,241,220,202,198,141,361]} 1. Nf3 d5 2. g3 Nc6 3. d4 Bg4 4. Bg2 Qd7 5. O-O Bh3 6. c4 {D02: 1 d4 d5 2 Nf3 sidelines, including 2...Nf6 3 g3 and 2...Nf6 3 Bf4.} Bxg2 7. Kxg2 {Black must now prevent cxd5.} e6 8. Nc3 {White is slightly better.} Nf6 9. b3 ({White should try} 9. cxd5 $16 Nxd5 10. e4 Nxc3 11. bxc3) 9... Bb4 $11 10. Bb2 Bxc3 11. Bxc3 Ne4 12. Bb2 {[#]} f5 $146 (12... O-O-O $15) ({Predecessor:} 12... O-O 13. Nd2 f5 14. f3 Nf6 15. e3 Rad8 16. Qe2 Rfe8 17. f4 a6 18. Rad1 Ne7 {0-1 (56) Marta,D (1988)-Torok,T (2073) Hungary 2016}) 13. Ne1 h5 14. f3 Nf6 15. Nd3 O-O-O 16. Ne5 (16. h4 $1 $14) 16... Nxe5 (16... Qe8 $15) 17. dxe5 Ng8 18. Qd4 $36 {[%mdl 2048] White is more active.} Kb8 19. cxd5 Qxd5 {[#]} 20. Qh4 $1 Nh6 (20... Rc8 $16 {was called for.}) 21. Bc3 $2 (21. Rfd1 $18 Qxd1 22. Rxd1 Rxd1 23. Bc3) 21... Ng4 {Strongly threatening ...Qc5.} 22. Qg5 {And now Rfd1 would win.} Nxe5 $2 (22... Qc5 $11 23. fxg4 Qc6+ 24. Kg1 Qxc3 25. gxf5 Qxe5) 23. Rad1 {White is clearly better.} ({Not} 23. Qxg7 Ng4 $15) 23... Nf7 24. Qxg7 (24. Rxd5 Nxg5 25. Rdd1 Rd5 $14) 24... Qc5 25. b4 (25. Rxd8+ $18 Rxd8 26. Qxf7 Qxc3 {[#]} 27. Rd1 $1 {[%mdl 512]} (27. Qxe6 Qc2 $16)) 25... Qc6 $2 {Accuracy: White = 49%, Black = 39%.} (25... Qc4 $16 26. Rxd8+ (26. Qxf7 Qxc3 27. Rxd8+ Rxd8 $16) 26... Rxd8) 1-0

[Event "47th GER-ch Blitz 2020"]
[Site "Magdeburg"]
[Date "2020.08.15"]
[Round "24.2"]
[White "Bluebaum, Matthias"]
[Black "Muranyi, Karl-Jasmin"]
[Result "1-0"]
[WhiteElo "2647"]
[BlackElo "2331"]
[Annotator "TA"]
[PlyCount "57"]
[EventDate "2020.07.28"]
[EventType "tourn"]
[EventCountry "GER"]
[SourceTitle "playchess.com"]
[Source "ChessBase"]
[SourceQuality "1"]

{[%evp 15,57,57,51,56,54,53,61,35,79,45,84,0,78,41,99,42,116,0,108,87,171,159,248,276,248,254,654,646,582,573,729,710,706,597,510,478,780,770,1700,1669,2805,2694,2118,1852]} 1. d4 Nf6 2. c4 c5 3. d5 e5 4. Nc3 d6 5. e4 Be7 6. g3 O-O 7. Bg2 Na6 8. Nge2 Nc7 9. a4 {A56: Czech Benoni.} Na6 10. O-O Nb4 11. h3 {[#] White is slightly better.} a5 $146 ({Predecessor:} 11... Nd7 12. Be3 Bg5 13. f4 Bh6 14. Qd2 a6 15. Rf3 exf4 16. gxf4 f5 17. Ng3 fxe4 18. Ngxe4 {½-½ (45) Kozusek,D (2172)-Langner,L (2372) Czech Republic 2017}) 12. f4 Nd7 13. Be3 (13. f5 $16) 13... b6 (13... exf4 $1 $11 14. gxf4 (14. Bxf4 g5 $11) 14... f5) 14. b3 Re8 ({Black should play} 14... exf4 $14 15. gxf4 (15. Bxf4 g5 $11) (15. Nxf4 Bf6 $11) 15... Ba6) 15. Qd2 ({Better is} 15. f5 $16) 15... Bf6 {[#]} (15... exf4 $14 16. gxf4 (16. Bxf4 Ne5 $11) 16... Bh4) 16. Rf2 (16. f5 $1 $16) 16... Nf8 (16... exf4 $11 {remains equal.} 17. Nxf4 Ne5) 17. Raf1 Ng6 (17... exf4 $16 18. Nxf4 Be5) 18. fxe5 $18 Nxe5 {[#]} (18... Bxe5 $16 19. Nb5 (19. Rxf7 Bf6 $14) 19... Re7) 19. Rxf6 $1 gxf6 20. Nf4 f5 $2 (20... Kh8 21. g4 Rg8) 21. Nh5 {White is clearly winning.} f6 22. exf5 Ra7 23. Ne4 Rf7 24. g4 Kh8 25. Bf2 Rg8 (25... Qe7 $142 26. Bh4 Nd7) 26. Bh4 Nxg4 27. hxg4 Rxg4 28. Bxf6+ Rxf6 29. Nhxf6 {Accuracy: White = 68%, Black = 17%.} 1-0

[Event "47th GER-ch Blitz 2020"]
[Site "Magdeburg"]
[Date "2020.08.15"]
[Round "24.3"]
[White "Weller, Manuel"]
[Black "Krause, Benedict"]
[Result "1/2-1/2"]
[WhiteElo "2237"]
[BlackElo "2425"]
[Annotator "ChessBase"]
[PlyCount "26"]
[EventDate "2020.07.28"]
[EventType "tourn"]
[EventCountry "GER"]
[SourceTitle "playchess.com"]
[Source "ChessBase"]
[SourceQuality "1"]
[TimeControl "180+2"]

1. c4 {[%emt 0:00:00]} g6 {[%emt 0:00:00]} 2. g3 {[%emt 0:00:03]} Bg7 {[%emt 0:00:00]} 3. Bg2 {[%emt 0:00:00]} c5 {[%emt 0:00:01]} 4. Nf3 {[%emt 0:00:02]} Nc6 {[%emt 0:00:01]} 5. Nc3 {[%emt 0:00:01]} e6 {[%emt 0:00:08]} 6. d4 {[%emt 0:00:01]} cxd4 {[%emt 0:00:02]} 7. Nb5 {[%emt 0:00:05]} d5 {[%emt 0:00:02]} 8. cxd5 {[%emt 0:00:03]} exd5 {[%emt 0:00:01]} 9. O-O {[%emt 0:00:11]} Nge7 {[%emt 0:00:03]} 10. Bf4 {[%emt 0:00:17]} O-O {[%emt 0:00:02]} 11. Nc7 {[%emt 0:00:10]} Rb8 {[%emt 0:00:01]} 12. Nb5 {[%emt 0:00:01]} Ra8 {[%emt 0:00:00]} 13. Nc7 {[%emt 0:00:00]} Rb8 {[%emt 0:00:01]} 1/2-1/2